Music Quiz

Random Music or Song Quiz

Kendrick Lamar Songs Quiz Stats

 Plays Quiz not verified by Sporcle

Challenge
Share
Tweet
Embed
Score 0/47 Timer 10:00
0 Plays Today
Hint Answer % Correct
Section. 80
81.7%
Good Kid, M.A.A.D. City
81.7%
To Pimp A Butterfly
81.7%
m.A.A.d. city
62.7%
i
60.8%
King Kunta
59.5%
good kid
56.2%
Swimming Pools
54.9%
u
52.9%
Wesley's Theory
51.6%
Alright
49.7%
A.D.H.D.
49%
The Blacker the Berry
47.1%
Bitch, Don't Kill My Vibe
43.1%
Money Tree
41.8%
Poetic Justice
41.8%
Compton
39.9%
These Walls
39.9%
Hood Politics
37.3%
Mortal Man
37.3%
Hol' Up
36.6%
Real
34.6%
HiiiPoWeR
34%
Institutionalized
34%
Hint Answer % Correct
Momma
34%
How Much A Dollar Cost
33.3%
The Art of Peer Pressure
29.4%
Sing About Me, I'm Dying of Thirst
28.8%
Rigamortus
26.8%
Sherane a.k.a Master Splinter's Daughter
22.9%
For Free? (Interlude)
21.6%
Chapter Six
20.9%
For Sale? (Interlude)
19.6%
Complexion (A Zulu Love)
17%
Chapter Ten
16.3%
The Spiteful Chant
15.7%
You Ain't Gotta Lie (Momma Said)
13.7%
Ab-Soul's Outro
11.1%
Backstreet Freestyle
11.1%
F*ck Your Ethnicity
9.8%
Tammy's Song (Her Evils'
7.8%
Keisha's Song (Her Pain)
7.2%
No Make Up (Her Vice)
5.9%
Poe Mans Dreams (His Vice)
5.2%
Blow My High (Members Only)
3.9%
Kush & Corinthians (His Pain)
2.6%
Ronald Reagan Era (His Evils)
2%

You're not logged in!

Compare scores with friends on all Sporcle quizzes.
Join for Free
OR
Log In

You Might Also Like...

Show Comments

Extras

Created Mar 24, 2015ReportFavoriteNominate
Tags:Song Quiz, lamar

Top Quizzes Today


Score Distribution

Your Account Isn't Verified!

In order to create a playlist on Sporcle, you need to verify the email address you used during registration. Go to your Sporcle Settings to finish the process.

Report this User

Report this user for behavior that violates our Community Guidelines.

Details: